Quiz o narodowościach piłkarzy #4 - Statystyki

Ogólne statystyki
  • Ten quiz został rozwiązany 249 razy
  • Średni wynik to 12 z 15
Statystyki odpowiedzi
Zagadnienie Odpowiedź % Poprawnych
Który kraj na arenie międzynarodowej reprezentuje Thibaut Courtois? Belgia
97%
Który kraj na arenie międzynarodowej reprezentuje Jan Oblak? Słowenia
97%
Który kraj na arenie międzynarodowej reprezentuje Jude Bellingham? Anglia
96%
Który kraj na arenie międzynarodowej reprezentuje David Alaba? Austria
96%
Który kraj na arenie międzynarodowej reprezentuje Stefan de Vrij? Holandia
94%
Który kraj na arenie międzynarodowej reprezentuje Scott McTominay? Szkocja
93%
Który kraj na arenie międzynarodowej reprezentuje Marc Gual? Hiszpania
90%
Który kraj na arenie międzynarodowej reprezentuje Rasmus Højlund? Dania
84%
Który kraj na arenie międzynarodowej reprezentuje André Onana? Kamerun
77%
Który kraj na arenie międzynarodowej reprezentuje Javier Zanetti? Argentyna
75%
Który kraj na arenie międzynarodowej reprezentuje Josué? Portugalia
71%
Który kraj na arenie międzynarodowej reprezentuje Wilfried Zaha? WKS
71%
Który kraj na arenie międzynarodowej reprezentuje Lucas Torreira? Urugwaj
70%
Który kraj na arenie międzynarodowej reprezentuje Sacha Boey? Francja
48%
Który kraj na arenie międzynarodowej reprezentuje Al-Musrati? Libia
30%
Nie znaleziono quizów pasujących do podanych kryteriów
Rozkład punktacji
Procent ludzi z każdym wynikiem
Percentyl według liczby udzielonych odpowiedzi
Twoja historia wyników
Nie rozwiązałeś tego quizu